00633cam a22002297a 4500003000500000005001700005008004100022010001000063011001000073035001000083040000900093082001500102100002300117245003800140260004500178300003100223490002500254650004200279650003600321700002100357830002500378CHAP20220329134746.0971013s1985 r 00010 d a25382 a26354 a30455 cCHAP a581.87bB700aBryant, J. A.eed.14aThe cell division cycle in plants aCambridge :bCambridge University,c1985 a258 p.b: ilus. ; gráfs. 0aSeminar seriesv; 2614aCitología e histología vegetales.14aDivisión celular (Biología)0 aFrancis, D.eed.0 aSeminar seriesv; 26